Statistics for Capitals of multi capital countries

Click here to take the quiz!

General Stats

  • This quiz has been taken 979 times
    (968 since last reset)
  • The average score is 16 of 29

Answer Stats

CountryCapitalCapital Type% Correct
GermanyBerlinOfficial capital and seat of national executive and legislative bodies
96%
NetherlandsAmsterdamOfficial (constitutional) and royal capital
94%
ChileSantiagoOfficial capital; seat of national administrative and judicial bodies
93%
BoliviaLa PazSeat of national executive, legislative, and electoral bodies
92%
South AfricaCape TownLegislative capital
91%
South AfricaPretoriaAdministrative and Executive capital
89%
BoliviaSucreOfficial (constitutional) capital; seat of national judiciary
86%
MalaysiaKuala LumpurOfficial and royal capital; seat of national legislature
85%
Sri LankaColomboCommercial capital and seat of national executive and judicial bodies
79%
MontenegroPodgoricaOfficial capital
77%
NetherlandsThe HagueAdministrative centre, seat of national legislature, and seat of national judiciary
75%
HondurasTegucigalpaDe facto capital and, with the other Honduras capital, one of two cities constituting the Municipality of the Central District, which is the official constitutional capital
71%
BeninPorto NovoOfficial capital; seat of legislature
65%
TanzaniaDodomaOfficial and legislative capital
64%
South AfricaBloemfonteinJudicial capital
63%
SwazilandMbabaneAdministrative capital
57%
TanzaniaDar es SalaamSeat of national executive and judicial bodies
54%
Cote D'IvoireYamoussoukroOfficial capital
51%
Cote D'IvoireAbidjanDe facto seat of government
46%
BeninCotonouseat of national executive and judicial bodies
39%
PalauNgerulmudSeat of government
35%
Sri LankaSri Jayawardenapura KotteOfficial capital and seat of national legislature
27%
ChileValparaisoSeat of national legislature
27%
PalauMelekeokOfficial capital
21%
MontenegroCetinjeOld royal capital and site of palace of head of state
9%
GermanyKarlsruheSeat of national judiciary
9%
MalaysiaPutrajayaAdministrative centre and seat of national judiciary
6%
SwazilandLobambaLegislative and royal capital
5%
HondurasComayaguelaWith the other Honduras capital, one of two cities constituting the Municipality of the Central District, which is the official constitutional capita
2%

Score Distribution

Percentile by Number Answered

Percent of People with Each Score

Your Score History

You have not taken this quiz since the last reset